Linger - Royel Otis (All lyrics) - Statistics

General Stats
  • This quiz has been taken 28 times
  • The average score is 224 of 249
Answer Stats
Answer % Correct
a
100%
Do
100%
do
100%
have
100%
I
100%
If
100%
if
100%
let
100%
linger?
100%
to
100%
to,
100%
you,
100%
you
100%
you.
100%
you?
100%
You
100%
burn,
95%
could
95%
don't
95%
for
95%
I'm
95%
in
95%
it
95%
just
95%
me
95%
so
95%
So
95%
such
95%
the
95%
your
95%
around
90%
but
90%
But
90%
deep.
90%
fade.
90%
finger.
90%
fool
90%
go
90%
got
90%
it's
90%
know
90%
apart
86%
of
86%
return,
86%
rude
86%
Was
86%
was
86%
would
86%
wrapped
86%
and
81%
attitude.
81%
be
81%
lie,
81%
sure
81%
tearing
81%
time?
81%
we
81%
all
76%
get
76%
not
76%
nothing
76%
were
76%
Were
76%
wrong.
76%
wrong,
76%
You've
76%
did
71%
game
71%
hand
71%
her
71%
Is
71%
lying
71%
Oh,
71%
stand?
71%
thought
71%
way
71%
why
71%
world
71%
by.
67%
holding
67%
ruining
67%
Trying
67%
wouldn't
67%
always
62%
confused,
62%
everything.
62%
feel
62%
honey,
62%
knew,
62%
swore,
62%
swore
62%
true
62%
want
62%
with
62%
really
57%
things
57%
used,
57%
That
38%
those
38%
might
29%
No matching quizzes found
Score Distribution
Percent of People with Each Score
Percentile by Number Answered
Your Score History
You have not taken this quiz